Yogaratnavali of Pt. Thakkan Sharma (with Hindi-English translation, Romanisation and word-elaboration)/ (Record no. 51766)

000 -LEADER
fixed length control field 00411nam a22001331a 4500
082 ## - DEWEY DECIMAL CLASSIFICATION NUMBER
Classification number S181.45
Item number THA/Y
100 ## - MAIN ENTRY--AUTHOR NAME
Personal name Thakkan Sharma
245 ## - TITLE STATEMENT
Title Yogaratnavali of Pt. Thakkan Sharma (with Hindi-English translation, Romanisation and word-elaboration)/
Statement of responsibility, etc by Thakkan Sharma
260 ## - PUBLICATION, DISTRIBUTION, ETC. (IMPRINT)
Place of publication Allahabad:
Name of publisher Padmaja Prakashan,
Year of publication 2006.
300 ## - PHYSICAL DESCRIPTION
Number of Pages 129p.
650 ## - SUBJECT ADDED ENTRY--TOPICAL TERM
Topical Term Philosophy Yoga
650 ## - SUBJECT ADDED ENTRY--TOPICAL TERM
Topical Term Philosophy
942 ## - ADDED ENTRY ELEMENTS (KOHA)
Koha item type Book
Holdings
Withdrawn status Lost status Damaged status Not for loan Permanent Location Current Location Date acquired Cost, normal purchase price Full call number Accession Number Cost, replacement price Price effective from Koha item type
        Sree Sankaracharya University of Sanskrit Sree Sankaracharya University of Sanskrit 08.01.2015 200.00 S181.45 THA/Y 056463 0.00 08.01.2015 Book